| 000 -LEADER |
| fixed length control field |
02145pab a2200169 454500 |
| 008 - FIXED-LENGTH DATA ELEMENTS--GENERAL INFORMATION |
| fixed length control field |
180718b2000 xxu||||| |||| 00| 0 eng d |
| 100 ## - MAIN ENTRY--PERSONAL NAME |
| Personal name |
Alam, Quamrul |
| 245 ## - TITLE STATEMENT |
| Title |
Impact of compulsory competitive tendering on the structure and performance of local government system in the state of Victoria |
| 260 ## - PUBLICATION, DISTRIBUTION, ETC. |
| Date of publication, distribution, etc. |
2000 |
| 300 ## - PHYSICAL DESCRIPTION |
| Extent |
p.359-71 |
| 362 ## - DATES OF PUBLICATION AND/OR SEQUENTIAL DESIGNATION |
| Dates of publication and/or sequential designation |
Dec |
| 520 ## - SUMMARY, ETC. |
| Summary, etc. |
Around the world, the public sector is introducing private sector management practices. Abandoning the binary model of public and private sectors the State Government of Victoria introduced the compulsory competitive tendering system under which local government bodies are required to tender out their services to private sector service providers. The aim was to encourage local government bodies to operate in contestable situations so that they can increase efficiency, decrease operating costs, develop clear programme goals and objectives, become responsive to client goals, and improve the quality of goods and services. The article describes how the practice of the compulsory competitive tendering system has introduced major changes to organizational cultures, attitudes of employees, power and authority structures, systems of decision making, delegation of financial and managerial authority, and the nature of control and accountability. In addition, the article explains the degree of competitiveness and efficiency that local government bodies have achieved and describes how the corporatized structure has helped to achieve the financial objectives. The article also discusses how the role of the elected councils is diminishing under this new management structure and argues that in the absence of a genuine monitoring system and accountability mechanism the local government bodies find it difficult to assert their role as quality service deliverers. This has forced the councils to comply with the requirements of the competition laws which have reduced direct accountability of government to the public. - Reproduced |
| 650 ## - SUBJECT ADDED ENTRY--TOPICAL TERM |
| Topical term or geographic name entry element |
Local government |
| 700 ## - ADDED ENTRY--PERSONAL NAME |
| Personal name |
Paacher, John |
| 773 ## - HOST ITEM ENTRY |
| Main entry heading |
Public Administration and Development |
| 909 ## - |
| -- |
47798 |